[Event "Blackpool Ron Banwell Masters"]
[Site "Blackpool"]
[Date "2003.08.09"]
[Round "9"]
[White "Escobedo Flores, Juan Francisco"]
[Black "Lund, D Brett"]
[Result "0-1"]
[WhiteElo "2120"]
[BlackElo "2248"]
[PlyCount "80"]
[EventDate "2003.08.04"]
[EventType "tourn"]
[EventRounds "9"]
[EventCountry "ENG"]
[EventCategory "2"]
[SourceTitle "CBM 095 Extra"]
[Source "ChessBase"]
[SourceDate "2003.09.04"]
[SourceVersion "1"]
[SourceVersionDate "2003.09.04"]
[SourceQuality "1"]

1. d4 Nf6 2. c4 c5 3. Nf3 cxd4 4. Nxd4 e5 5. Nb3 d5 6. cxd5 Qxd5 7. Qxd5 Nxd5 8. Bd2 Be6 9. e4 Nb4 10. Bb5+ Nd7 11. Bxb4 Bxb4+ 12. N3d2 Rc8 13. 0-0 Ke7 14. a3 Ba5 15. Nf3 f6 16. b4 Bb6 17. Nbd2 Rc3 18. Rfc1 Rhc8 19. Rxc3 Rxc3 20. h3 a6 21. Be2 Nf8 22. a4 Ng6 23. a5 Ba7 24. b5 Nf4 25. Bf1 Nd3 26. b6 Bb8 27. Rd1 Nb4 28. Nb1 Rc5 29. Na3 Nc6 30. Ne1 Nxa5 31. Nd3 Rc3 32. Nb1 Rc6 33. Nb4 Rxb6 34. Nd5+ Bxd5 35. exd5 Nb3 36. Nc3 Nc5 37. Bc4 Kd6 38. Ba2 Rb2 39. f3 Ba7 40. Bc4 Ne4+ 0-1

[Event "Blackpool Ron Banwell Masters"]
[Site "Blackpool"]
[Date "2003.08.07"]
[Round "6"]
[White "Howell, David"]
[Black "Escobedo Flores, Juan Francisco"]
[Result "1-0"]
[WhiteElo "2323"]
[BlackElo "2120"]
[PlyCount "119"]
[EventDate "2003.08.04"]
[EventType "tourn"]
[EventRounds "9"]
[EventCountry "ENG"]
[EventCategory "2"]
[SourceTitle "CBM 095 Extra"]
[Source "ChessBase"]
[SourceDate "2003.09.04"]
[SourceVersion "1"]
[SourceVersionDate "2003.09.04"]
[SourceQuality "1"]

1. e4 e5 2. Nf3 Nf6 3. Nxe5 d6 4. Nf3 Nxe4 5. d4 d5 6. Bd3 Nc6 7. 0-0 Be7 8. c4 Nb4 9. Be2 dxc4 10. Bxc4 Nd5 11. Re1 Nef6 12. Nc3 c6 13. Bg5 Be6 14. Qb3 0-0 15. Ne5 Qb6 16. Nxd5 cxd5 17. Qxb6 axb6 18. Bb3 h6 19. Ng6 hxg5 20. Nxe7+ Kh7 21. Bc2+ Kh6 22. Nf5+ Bxf5 23. Bxf5 Ra4 24. Red1 Re8 25. Kf1 g6 26. Bc2 Rb4 27. Rab1 Rc4 28. Bb3 Rc7 29. Rbc1 Rce7 30. f3 g4 31. f4 Re4 32. g3 g5 33. f5 Re3 34. Rc2 Rf3+ 35. Rf2 Ree3 36. Re1 Rxf2+ 37. Kxf2 Rf3+ 38. Kg1 Rxf5 39. Re5 Rxe5 40. dxe5 Nd7 41. Bxd5 Nxe5 42. Bxb7 f5 43. b4 Nd3 44. a3 Kg6 45. Kf1 Kf6 46. Ke2 Ne5 47. a4 Ke6 48. Bc8+ Kd5 49. Bxf5 Kc4 50. a5 bxa5 51. bxa5 Kb5 52. Ke3 Kxa5 53. Ke4 Nf3 54. Bxg4 Nxh2 55. Be2 Kb4 56. Ke3 Kc5 57. Kf2 g4 58. Kg2 Nf3 59. Bxf3 gxf3+ 60. Kxf3 1-0

[Event "Blackpool Ron Banwell Masters"]
[Site "Blackpool"]
[Date "2003.08.05"]
[Round "3"]
[White "Mannion, Stephen R"]
[Black "Escobedo Flores, Juan Francisco"]
[Result "1-0"]
[WhiteElo "2339"]
[BlackElo "2120"]
[PlyCount "67"]
[EventDate "2003.08.04"]
[EventType "tourn"]
[EventRounds "9"]
[EventCountry "ENG"]
[EventCategory "2"]
[SourceTitle "CBM 095 Extra"]
[Source "ChessBase"]
[SourceDate "2003.09.04"]
[SourceVersion "1"]
[SourceVersionDate "2003.09.04"]
[SourceQuality "1"]

1. e4 e5 2. Nf3 Nf6 3. d4 Nxe4 4. Bd3 d5 5. Nxe5 Nd7 6. Nxd7 Bxd7 7. 0-0 Qh4 8. c4 0-0-0 9. c5 g6 10. Nc3 Bg7 11. Ne2 f5 12. f3 Ng5 13. g3 Qh5 14. Kg2 Ne6 15. Be3 Rdf8 16. Qd2 g5 17. f4 h6 18. Rac1 Qg6 19. b4 g4 20. b5 c6 21. a4 Nc7 22. Qa5 cxb5 23. axb5 Re8 24. c6 bxc6 25. bxc6 Bxc6 26. Bf2 Kd7 27. Nc3 Rb8 28. Na4 Rhc8 29. Rfe1 Bf8 30. Qxa7 Ra8 31. Nb6+ Kd8 32. Nxa8 Rxa8 33. Qb6 Kd7 34. Bxf5+ 1-0

[Event "Blackpool Ron Banwell Masters"]
[Site "Blackpool"]
[Date "2003.08.04"]
[Round "2"]
[White "Escobedo Flores, Juan Francisco"]
[Black "Crouch, Colin S"]
[Result "0-1"]
[WhiteElo "2120"]
[BlackElo "2392"]
[PlyCount "91"]
[EventDate "2003.08.04"]
[EventType "tourn"]
[EventRounds "9"]
[EventCountry "ENG"]
[EventCategory "2"]
[SourceTitle "CBM 095 Extra"]
[Source "ChessBase"]
[SourceDate "2003.09.04"]
[SourceVersion "1"]
[SourceVersionDate "2003.09.04"]
[SourceQuality "1"]

1. d4 Nf6 2. c4 e6 3. Nf3 c5 4. g3 b6 5. d5 Ba6 6. dxe6 fxe6 7. Qc2 Nc6 8. Bg2 Be7 9. 0-0 0-0 10. Rd1 Qe8 11. Qa4 Bb7 12. Nc3 Qh5 13. Bg5 Nd4 14. Nxd4 Bxg2 15. Bxf6 Bxf6 16. Kxg2 Bxd4 17. f3 Qe5 18. Qc2 Bxc3 19. bxc3 Rad8 20. Rd3 h5 21. Rad1 Rf7 22. R1d2 g5 23. Rd6 Kg7 24. Qa4 g4 25. Qxa7 h4 26. Qb7 Kf8 27. Qc7 Ke8 28. Qxb6 hxg3 29. hxg3 gxf3+ 30. exf3 Rg7 31. f4 Qe3 32. Rxe6+ Qxe6 33. Qxc5 Qc6+ 34. Qxc6 dxc6 35. Re2+ Re7 36. Rb2 Rd3 37. Rb8+ Kf7 38. Rc8 Re2+ 39. Kh3 Re6 40. Rc7+ Kf6 41. Kh4 Rxc3 42. g4 Rxc4 43. g5+ Kg6 44. Kg3 Re3+ 45. Kf2 Rec3 46. f5+ 0-1